LEADER 01566nam0 22003973i 450 001 SBL0506493 005 20251003044355.0 020 $aIT$b598580 100 $a20090618d1959 ||||0itac50 ba 101 | $aita 102 $ait 181 1$6z01$ai $bxxxe 182 1$6z01$an 183 1$6z01$anc$2RDAcarrier 200 1 $aˆI ‰cattolici disubbidienti$fLorenzo Bedeschi 210 $aNapoli [etc.]$cV. Bianco$d1959 215 $aXV, 277 p., [8] c. di tav.$cill.$d20 cm. 225 | $aˆI ‰libri del tempo$v6 410 0$1001SBL0026947$12001 $aˆI ‰libri del tempo$v6 606 $aCattolici italiani$xPolitica$2FIR$3SBLC017388$9I 676 $a261.70945$9CRISTIANESIMO E POLITICA. Italia$v21 676 $a261.70945$9CRISTIANESIMO E POLITICA. Italia$v23 696 $aVita politica$aAttività politica$aAspetti politici 699 $aPolitica$zVita politica 699 $aPolitica$zAttività politica 699 $aPolitica$zAspetti politici 700 1$aBedeschi$b, Lorenzo$3CFIV009852$4070$0154316 801 3$aIT$bIT-000000$c20090618 850 $aIT-BN0095 $aIT-BN0010 901 $bNAP 01$cDEMARCO $n$ 901 $bNAP CB$cFONDO MAIO$nRiunisce varie sezioni: religione; storia; storia locale; epigrafia 912 $aSBL0506493 950 0$aBiblioteca Centralizzata di Ateneo$c1 v.$d 01DEMARCO MON. 82$e 01 0000097595 VMA 1 v.$fA $h20230504$i20240730 977 $a 01$a CB 996 $aCattolici disubbidienti$9933575 997 $aUNISANNIO